Statistics for Scottish Monarchs

Click here to take the quiz!

General Stats

  • This quiz has been taken 16 times
  • The average score is 19 of 41

Answer Stats

DateMonarch% Correct
1567-1625James VI and I
100%
1406-1437James I
88%
1437-1460James II
88%
1460-1488James III
88%
1488-1513James IV
88%
1513-1542James V
88%
1542-1567Mary Queen of Scots
88%
1306-1329Robert the Bruce
75%
843-858Kenneth MacAlpin
63%
1214-1249Alexander II
50%
1249-1286Alexander III
50%
1107-1124Alexander the Fierce
50%
1124-1153David I
50%
1329-1371David II
50%
1034-1040Duncan I
50%
1056-1058Lulach "the Fool"
50%
1040-1056Macbeth
50%
1058-1093Malcolm III
50%
1371-1390Robert II
50%
1390-1406Robert III
50%
862-877Constantine I
38%
858-862Donald I
38%
1093-1097Donald III
38%
1097 onlyDuncan II
38%
1292-1296John de Baliol
38%
1005-1034Malcolm II
38%
1286-1290Margaret, Maid of Norway
38%
1165-1214William the Lion
38%
877-878Aéd
25%
900-943Constantine II
25%
995-997Constantine III
25%
967-971Cuiléan
25%
889-900Donald II
25%
962-967Dubh
25%
1097-1107Edgar
25%
878-889Giric and Eochaid
25%
954-962Indulf
25%
971-995Kenneth II
25%
997-1005Kenneth III
25%
943-954Malcolm I
25%
1153-1165Malcolm IV
25%

Score Distribution

Percentile by Number Answered

Percent of People with Each Score

Your Score History

You have not taken this quiz